HINDI BHASHA SHISHAN OR PRVINTA (Record no. 19941)

MARC details
000 -LEADER
fixed length control field 00259nam a22001217a 4500
003 - CONTROL NUMBER IDENTIFIER
control field SGT
082 ## - DEWEY DECIMAL CLASSIFICATION NUMBER
Item number PAL
100 ## - MAIN ENTRY--PERSONAL NAME
Personal name PALIWAL, DR. SHIKHA
245 ## - TITLE STATEMENT
Title HINDI BHASHA SHISHAN OR PRVINTA
260 ## - PUBLICATION, DISTRIBUTION, ETC. (IMPRINT)
Place of publication, distribution, etc DELHI
Name of publisher, distributor, etc SHIKSHA
Year of Publication 2014
300 ## - PAGE DESCRIPTION
No. of Pages 320
942 ## - ADDED ENTRY ELEMENTS (KOHA)
Source of classification or shelving scheme Dewey Decimal Classification
Koha item type Books
Holdings
Withdrawn status Lost status Source of classification or shelving scheme Damaged status Not for loan Collection code Home library Current library Date acquired Cost, normal purchase price SGTU Bill Number Full call number Accession No. (Barcode) Date last seen Bill Date Koha item type
    Dewey Decimal Classification     ENGG BOOK BANK SGT Engineering Library SGT Engineering Library 29/04/2020 190.00 SGTU 101 PAL ED4653 29/04/2020 29/04/2020 Books
    Dewey Decimal Classification     ENGG BOOK BANK SGT Engineering Library SGT Engineering Library 29/04/2020 190.00 SGTU 101 PAL ED4654 29/04/2020 29/04/2020 Books